00474nam a22001337a 450000500170000000800410001702000180005805000140007624501440009026000410023430000290027570000180030470000180032220251121104146.0251121b |||||||| |||| 00| 0 eng d a9780632054855 aTH425 PRE aPre-Contract Practice and Contract Administration for the Building Teambthe Aqua Groupcedited and updated by Mark Hackett & Ian Robinson aMalden, USAbBlackwell Sciencec2003 axiv. 526p.bill.c24.5cm aHackett, Mark aRobinson, Ian